Bacteriología y esterilización aplicadas a la práctica farmacéutica: con un detenido estudio de la preparación de soluciones esterilizadas en ampollas cerradas a la lámpara

Guardat en:
Dades bibliogràfiques
Autor principal: Stich, Conrad (Autor)
Format: Llibre
Idioma:espanyol
Publicat: Barcelona Labor 1923
Matèries:
Etiquetes: Afegir etiqueta
Sense etiquetes, Sigues el primer a etiquetar aquest registre!

MARC

LEADER 00000nam a2200000 a 4500
001 UCI5955
003 CL-VaPUC
008 080411e19230000SP |||||||||||||||||spa|d
082 0 4 |a 579.3  |b STI  |2 21 
100 0 |a Stich, Conrad  |e author  |9 528620 
245 1 0 |a Bacteriología y esterilización aplicadas a la práctica farmacéutica: con un detenido estudio de la preparación de soluciones esterilizadas en ampollas cerradas a la lámpara 
300 |a 287 p 
942 |c BK 
945 |d 20080411 00:00:00  |a jtorresc 
260 |a Barcelona  |b Labor  |c 1923 
650 0 |a Bacteriología  |9 259330 
650 7 |a ESTERILIZACION  |2 CL-VaPUC  |9 324904 
650 0 |a Bacterias  |9 298237 
650 0 |a Microorganismos  |9 264259 
650 0 |a Análisis bacteriológico  |9 406073 
650 7 |a LABORATORIOS  |2 CL-VaPUC  |9 264068 
650 7 |a FARMACEUTICA  |2 CL-VaPUC  |9 415429 
650 0 |a Ampollas  |9 528622 
583 |a last modification  |c 20080411 00:00:00  |k Rodrigo Vera 
999 |c 329595  |d 329593